Java : (Record no. 174943)
[ view plain ]
| 000 -LEADER | |
|---|---|
| fixed length control field | 00850 a2200217 4500 |
| 003 - CONTROL NUMBER IDENTIFIER | |
| control field | Nust |
| 005 - DATE AND TIME OF LATEST TRANSACTION | |
| control field | 20220722164839.0 |
| 010 ## - LIBRARY OF CONGRESS CONTROL NUMBER | |
| LC control number | 98035332 |
| 020 ## - INTERNATIONAL STANDARD BOOK NUMBER | |
| International Standard Book Number | 053868707X (hardbound) |
| 020 ## - INTERNATIONAL STANDARD BOOK NUMBER | |
| International Standard Book Number | 0538687118 (softcover) |
| 040 ## - CATALOGING SOURCE | |
| Transcribing agency | Nust |
| 082 00 - DEWEY DECIMAL CLASSIFICATION NUMBER | |
| Classification number | 005.133,LAM |
| 100 1# - MAIN ENTRY--PERSONAL NAME | |
| Personal name | Lambert, Kenneth Alfred, |
| 9 (RLIN) | 94630 |
| 245 10 - TITLE STATEMENT | |
| Title | Java : |
| Remainder of title | complete course in programming & problem solving / |
| Statement of responsibility, etc. | Kenneth A. Lambert, Martin Osborne. |
| 260 ## - PUBLICATION, DISTRIBUTION, ETC. | |
| Place of publication, distribution, etc. | Cincinnati, OH : |
| Name of publisher, distributor, etc. | South-Western Educational Pub., |
| Date of publication, distribution, etc. | c2000. |
| 300 ## - PHYSICAL DESCRIPTION | |
| Extent | x, 468 p. : |
| Other physical details | ill. ; |
| Dimensions | 27 cm. |
| 505 ## - FORMATTED CONTENTS NOTE | |
| Formatted contents note | Getting Started with Java (Page-1), Methods Data Types and Classes (Page-97), Arrays , Inheritance and Graphics (Page-189), Files Web-Based Programming and AWT (Page-299). |
| 650 #0 - SUBJECT ADDED ENTRY--TOPICAL TERM | |
| Topical term or geographic name entry element | Java (Computer program language) |
| 9 (RLIN) | 8017 |
| 700 1# - ADDED ENTRY--PERSONAL NAME | |
| Personal name | Osborne, Martin, |
| Dates associated with a name | 1944- |
| 9 (RLIN) | 94631 |
| 942 ## - ADDED ENTRY ELEMENTS (KOHA) | |
| Source of classification or shelving scheme | |
| Koha item type | Book |
| Withdrawn status | Lost status | Source of classification or shelving scheme | Damaged status | Not for loan | Permanent Location | Current Location | Shelving location | Date acquired | Full call number | Barcode | Date last seen | Price effective from | Koha item type | Public note |
|---|---|---|---|---|---|---|---|---|---|---|---|---|---|---|
| Military College of Signals (MCS) | Military College of Signals (MCS) | Reference | 12/12/2016 | 005.133,LAM | MCS28455 | 12/08/2016 | 12/12/2016 | Book | Almirah No.17, Shelf No.6 |
